<?xml version="1.0" encoding="UTF-8"?>
<record
    xmlns:xsi="http://www.w3.org/2001/XMLSchema-instance"
    xsi:schemaLocation="http://www.loc.gov/MARC21/slim http://www.loc.gov/standards/marcxml/schema/MARC21slim.xsd"
    xmlns="http://www.loc.gov/MARC21/slim">

  <leader>00838nam a2200169   4500</leader>
  <controlfield tag="005">20220928114828.0</controlfield>
  <controlfield tag="008">220928b           ||||| |||| 00| 0 eng d</controlfield>
  <datafield tag="022" ind1=" " ind2=" ">
    <subfield code="a">2392-1641</subfield>
  </datafield>
  <datafield tag="040" ind1=" " ind2=" ">
    <subfield code="c">AL</subfield>
  </datafield>
  <datafield tag="041" ind1=" " ind2=" ">
    <subfield code="a">eng</subfield>
  </datafield>
  <datafield tag="245" ind1=" " ind2=" ">
    <subfield code="a">Economics and Business Review</subfield>
  </datafield>
  <datafield tag="260" ind1=" " ind2=" ">
    <subfield code="a">Poland</subfield>
    <subfield code="b">Poznan University</subfield>
  </datafield>
  <datafield tag="500" ind1=" " ind2=" ">
    <subfield code="a">Economic and Business Review is a double-blind refereed OPEN ACCESS journal that aims to further the research and disseminate research results in the area of applied business and economic studies, including various fields of economic research, bank and financial management, business informatics, entrepreneurship, international business, management and marketing with the focus on the Central and Eastern Europe.</subfield>
  </datafield>
  <datafield tag="650" ind1=" " ind2=" ">
    <subfield code="2">Economics</subfield>
    <subfield code="a">Economics</subfield>
    <subfield code="9">58634</subfield>
  </datafield>
  <datafield tag="856" ind1=" " ind2=" ">
    <subfield code="a">www.wydawnictwo.ue.poznan.pl</subfield>
  </datafield>
  <datafield tag="942" ind1=" " ind2=" ">
    <subfield code="2">ddc</subfield>
    <subfield code="c">PR</subfield>
    <subfield code="s">1</subfield>
  </datafield>
  <datafield tag="999" ind1=" " ind2=" ">
    <subfield code="c">224676</subfield>
    <subfield code="d">224676</subfield>
  </datafield>
  <datafield tag="952" ind1=" " ind2=" ">
    <subfield code="0">0</subfield>
    <subfield code="1">0</subfield>
    <subfield code="2">ddc</subfield>
    <subfield code="4">0</subfield>
    <subfield code="7">1</subfield>
    <subfield code="8">ECO</subfield>
    <subfield code="a">SACPG</subfield>
    <subfield code="b">SACPG</subfield>
    <subfield code="c">PS</subfield>
    <subfield code="d">2022-09-28</subfield>
    <subfield code="l">0</subfield>
    <subfield code="p">PR37</subfield>
    <subfield code="r">2022-09-28 00:00:00</subfield>
    <subfield code="w">2022-09-28</subfield>
    <subfield code="y">PR</subfield>
  </datafield>
</record>
